000 00492pab a2200181 454500
008 180718b2014 xxu||||| |||| 00| 0 eng d
100 _aAbrutyn, Seth
245 _aAre suicidal behaviors contagious in adolescence? Using longitudinal data to examine suicide suggestion
260 _c2014
300 _ap.211-227.
362 _aApr
650 _aYouth
650 _aSuicide
700 _aMueller, Anna S.
773 _aAmerican Sociological Review
908 _aN
909 _a104663
999 _c104659
_d104659